Employee Life Cycle in Digital Environment diplomová práca

Salvato in:
Dettagli Bibliografici
Autore principale: Sawant, Vitin Purso, 1978-
Ente Autore: Fakulta podnikového manažmentu EU. Katedra manažmentu
Altri autori: Blštáková, Jana, 1980-
Natura: Libro
Lingua:inglese
Pubblicazione: Bratislava 2024
Tags: Aggiungi Tag
Nessun Tag, puoi essere il primo ad aggiungerne!!

MARC

LEADER 00000nbm a2200000 4500
001 0300945
005 20250926124408.1
041 0 |a eng 
044 |a SK 
245 1 0 |a Employee Life Cycle in Digital Environment  |b diplomová práca  |c Vitin Purso Sawant ; školiteľ: Jana Blštáková 
264 1 |a Bratislava  |c 2024 
300 |a 88 s. 
100 1 |a Sawant, Vitin Purso, 1978- 
700 1 |a Blštáková, Jana, 1980- 
710 2 |a Fakulta podnikového manažmentu EU. Katedra manažmentu